000 01837cam a2200433 a 4500
999 _c112991
_d112991
001 17247672
003 BJBSDDR
005 20230411090132.0
008 120409s1999 vau b 000 0 eng
010 _a 2011377509
020 _a1565858417
020 _a9791565858410
040 _aDLC
_cDLC
042 _apcc
050 0 0 _aLB 14.6
_bV245i 1999
082 _2370
100 1 _aVandiver, Elizabeth,
_96331
_d1956-
130 _96091
_aThe Great Courses
245 1 4 _aThe Iliad of Homer /
_cElizabeth Vandiver.
260 _aChantilly, Va. :
_bTeaching Co.,
_c1999.
300 _aiv, 209 pages ;
_c21 cm.
440 _96419
_aGreat courses
490 0 _aThe great courses
500 _aCourse no. 301.
500 _a"Lecture transcript and course guidebook"--Cover.
505 _a Introduction to Homeric epic -- The Homeric question -- Glory, honor and the wrath of Achilles -- Within the walls of Troy -- The embassy to Achilles -- The paradox of glory -- The role of the gods -- The longest day -- The death of Patroklos -- Achilles returns to battle -- Achilles and Hector -- Enemies' tears, Achilles and Priam.
520 _aDr. Vandiver introduces the great epic of ancient Greeks, the Iliad. She addresses critical and interpretative issues, and gives background information on cultural assumptions
600 0 0 _96457
_aHomero,
_dfl. siglo IX? a.C.
_tLa Iliada
_xCrítica e interpretación.
630 3 0 _96458
_aLa iliada
_xAnálisis literario
650 4 _aEducación
_91877
650 4 _aEnseñanza
_96089
650 4 _aPoesía épica griega
_96339
650 4 _aMitología griega
_96332
710 2 _96101
_aTeaching Company
830 _96091
_aThe Great Courses
906 _a7
_bcbc
_corignew
_d2
_encip
_f20
_gy-gencatlg
942 _2lcc
_cBK